000 00774aas a2200205 4500
999 _c49864
_d49864
001 768714001
003 CO-MdFUSB
005 20171019103008.0
008 171018s1999 xxu||||| |||| 00| 0 eng d
022 _a0277-9935
040 _aCO-MdFUSB
_bspa
_cCO-MdFUSB
_dCO-MdFUSB
041 _aeng
100 1 _aRahn, Dave
_eautor
242 _aContar con influencia adolescente :
_buna perspectiva sociológica en el ministerio juvenil
245 1 0 _aReckoning with adolescent influence :
_ba sociological perspective on youth ministry
_c/ Dave Rahn
300 _aVolumen 3. Número 2 (1999), páginas 81-91
_c: 23 cm.
546 _aTexto en inglés
773 0 _tChristian education journal
_049475
_960884
_gVolumen 3. Número 2 (1999), páginas 81-91
_qPágina 81
942 _cANA